Rulers & Their Countries - Statistics

General Stats
  • This quiz has been taken 28 times
  • The average score is 14 of 16
Answer Stats
Hint Answer % Correct
Xi Jinping China
100%
Kim Jong Un North Korea
100%
Vladimir Putin Russia
100%
Felipe VI of Spain Spain
100%
Volodymyr Zelenskyy Ukraine
100%
King Charles United Kingdom/Canada
100%
Emmanuel Macron France
96%
Joe Biden United States
96%
Jair Bolsonaro Brazil
92%
Yoon Suk-yeol South Korea
92%
Nguyen Xuan Phuc Vietnam
85%
Andrés Manuel López Obrador Mexico
81%
Marcelo Rebelo de Sousa Portugal
69%
King Salman Saudi Arabia
62%
Michael D. Higgins Ireland
50%
Cyril Ramaphosa South Africa
38%
No matching quizzes found
Score Distribution
Percent of People with Each Score
Percentile by Number Answered
Your Score History
You have not taken this quiz